• 首页
  • 本馆介绍
  • 公告通知
  • 最新文献
  • 馆藏检索
  • 电子资源
  • 读者导购
  • 参考咨询
  • 我的图书馆
  • 登录
  • 详细信息显示
  • 放入我的书架
  • 预约/预借图书
  • 作者相关作品
  • 分类相关作品
  • 丛书相关作品
  • 出版社相关作品

书目信息

  • 表格格式
  • 工作单格式
  • 卡片格式
题名:
全日制中学语文教学大纲
    
 
作者: ;国家教育委员会 制订
分册:  
出版信息: 北京   人民教育出版社  1990.6
页数: 25页
开本: 19cm
丛书名:
单 册:
中图分类: G633.3
科图分类: 38.7341
主题词: 语文-教学大纲--中学 , 教学大纲-语文--中学
电子资源:
ISBN: 7-107-00711-4
000 00807nam0 2200241 45
001 0192012056
005 20070618141624.57
010    @a7-107-00711-4@dCNY0.26
100    @a19920511d1990 em y0chiy0121 ea
101 0  @achi
102    @aCN@b110000
105    @ay z 000yy
200 10 @a全日制中学语文教学大纲@AQUAN RI ZHI ZHONG XUE YU WEN JIAO XUE DA GANG@f中华人民共和国国家教育委员会制订@FZHONG HUA REN MIN GONG HE GUO GUO JIA JIAO YU WEI YUAN HUI ZHI DING
205    @a2版(修订本)
210    @a北京@c人民教育出版社@d1990.6@h1992
215    @a25页@d19cm
606    @a语文-教学大纲@x中学
606    @a教学大纲-语文@x中学
690    @aG633.3@v三版
692    @a38.7341
711 02 @a国家教育委员会@AGUO JIA JIAO YU WEI YUAN HUI@4制订
801  0 @aCN@bTSSF@c20070618
905    @a10447@dG633.3@e499=2
    
    全日制中学语文教学大纲/中华人民共和国国家教育委员会制订.-2版(修订本).-北京:人民教育出版社,1990.6(1992)
    25页;19cm
    
    
    ISBN 7-107-00711-4:CNY0.26
    
●
相关链接 在E读中查询图书 在五车中查询图书 在当当中查询图书 在豆瓣中查询图书


正题名:全日制中学语文教学大纲     索取号:G633.3/499=2         预约/预借

序号 登录号 条形码 馆藏地/架位号 状态 备注
1 0511452   205114525   第一样本阅览室/ [索取号:G633.3/499=2] 在馆    
2 0511453   205114534   密集书库/ [索取号:G633.3/499=2] 在馆    
3 0511454   205114543   密集书库/ [索取号:G633.3/499=2] 在馆    
4 0511455   205114552   密集书库/ [索取号:G633.3/499=2] 在馆    
5 0511456   205114561   密集书库/ [索取号:G633.3/499=2] 在馆    
6 0511457   205114570   密集书库/ [索取号:G633.3/499=2] 在馆    
7 0511458   205114589   密集书库/ [索取号:G633.3/499=2] 在馆    
8 0654927   206549270   库房3/ [索取号:G633.3/499=2] 在馆    
唐山师范学院图书馆 欢迎您!
大连网信软件有限公司© 版权所有